000 00371 a2200157 4500
001 69583
020 _a8506036291
040 _cAnchieta - Itaigara
240 1 0 _aO mistério da quadrilha do lixo
_lpor
245 1 0 _aO mistério da quadrilha do lixo
300 _a64
362 0 _a2005
440 1 _aMelhoramentos
650 4 _aLiteratura infanto-juvenil
942 _cBK
999 _c69583
_d69583